000 00711nam a2200241Ia 4500
005 20220318094627.0
008 210716s2011 xx 000 0 und d
020 _a9788131727201
040 _cAIMIT LIBRARY
041 _aeng
082 _a658
_210
_bROBS
100 _aRobbins, Stephen P.
_924101
245 _aManagement /
_cBy Stephen P Robbins, Mary Coulter and Neharika Vohra.
250 _a10th ed.
260 _aNew Delhi :
_bPearson Education ,
_c2011 .
300 _axv,545p. ;
_c28 cm.
650 _aPlanning
_924102
650 _aOrganizing
_924103
650 _aLeading
_924104
700 _aCoulter, Mary.
_924105
700 _aVohra, Neharika.
_924106
942 _2ddc
_cBK
_e10th
_k658 ROBS
999 _c207544
_d207544